Detalles MARC
| 000 -LEADER |
| campo de control de longitud fija |
02967cam a2200421 i 4500 |
| 003 - IDENTIFICADOR DE NÚMERO DE CONTROL |
| campo de control |
PE-LiUPU |
| 005 - FECHA Y HORA DE LA ÚLTIMA TRANSACCIÓN |
| campo de control |
20251230090746.0 |
| 008 - DATOS DE LONGITUD FIJA--INFORMACIÓN GENERAL |
| campo de control de longitud fija |
1801 s2018 pe a rb 000 0 spa d |
| 020 ## - NÚMERO INTERNACIONAL ESTÁNDAR DEL LIBRO |
| Número Internacional Estándar del Libro |
9786123250249 |
| 035 ## - NÚMERO DE CONTROL DEL SISTEMA |
| Número de control de sistema |
PE-LiUPU00047 |
| 040 ## - FUENTE DE CATALOGACIÓN |
| Centro catalogador/agencia de origen |
PE-LiUPU |
| Lengua de catalogación |
spa |
| Centro/agencia transcriptor |
PE-LiUPU |
| Normas de descripción |
rda |
| 041 1# - CÓDIGO DE IDIOMA |
| Código de lengua del texto/banda sonora o título independiente |
spa |
| Código de lengua original |
eng |
| 082 04 - NÚMERO DE LA CLASIFICACIÓN DECIMAL DEWEY |
| Número de clasificación |
160 |
| Cutter |
T724u |
| Número de edición |
23/spe |
| 100 1# - ENTRADA PRINCIPAL--NOMBRE DE PERSONA |
| Nombre de persona |
Toulmin, Stephen, |
| Fechas asociadas al nombre |
1922-2009 |
| Término indicativo de función/relación |
autor. |
| 9 (RLIN) |
7754 |
| 245 10 - MENCIÓN DEL TÍTULO |
| Título |
Una introducción al razonamiento / |
| Mención de responsabilidad, etc. |
Stephen Toulmin, Richard Rieke, Allan Janik ; traducción de José Gascón. |
| 250 ## - MENCION DE EDICION |
| Mención de edición |
Primera edición. |
| 264 #1 - PRODUCCIÓN, PUBLICACIÓN, DISTRIBUCIÓN, FABRICACIÓN Y COPYRIGHT |
| Producción, publicación, distribución, fabricación y copyright |
Lima : |
| Nombre del de productor, editor, distribuidor, fabricante |
Palestra Editores, |
| Fecha de producción, publicación, distribución, fabricación o copyright |
2018. |
| 264 #3 - PRODUCCIÓN, PUBLICACIÓN, DISTRIBUCIÓN, FABRICACIÓN Y COPYRIGHT |
| Producción, publicación, distribución, fabricación y copyright |
Impreso en el Perú. |
| 300 ## - DESCRIPCIÓN FÍSICA |
| Extensión |
430 páginas : |
| Otras características físicas |
ilustraciones ; |
| Dimensiones |
23 cm |
| 336 ## - TIPO DE CONTENIDO |
| Término de tipo de contenido |
text |
| Fuente |
rdacontent |
| 337 ## - TIPO DE MEDIO |
| Nombre/término del tipo de medio |
unmediated |
| Fuente |
rdamedia |
| 338 ## - TIPO DE SOPORTE |
| Nombre/término del tipo de soporte |
volume |
| Fuente |
rdacarrier |
| 490 0# - MENCIÓN DE SERIE |
| Mención de serie |
Derecho y argumentción ; |
| Designación de volumen o secuencia |
10 |
| 500 ## - NOTA GENERAL |
| Nota general |
Traducción de: "An introduction to reasoning". Segunda edición. Macmillan Publishing Co., Inc., Nueva York, 1984. |
| 500 ## - NOTA GENERAL |
| Nota general |
Incluye ejercicios al final de cada capítulo. |
| 504 ## - NOTA DE BIBLIOGRAFÍA, ETC. |
| Nota de bibliografía, etc. |
Incluye referencias bibliográficas. |
| 505 0# - NOTA DE CONTENIDO CON FORMATO |
| Nota de contenido con formato |
Parte I: INTRODUCCIÓN GENERAL -- El razonamiento y sus objetivos -- Parte II: PRIMER NIVEL DE ANÁLISIS: LA SOLIDEZ DE LOS ARGUMENTOS -- Tesis y descubrimientos -- Bases -- Garantías y reglas -- Respaldo -- Cadenas de argumentos -- Parte III: SEGUNDO NIVEL DE ANÁLISIS: LA FUERZA DE LOS ARGUMENTOS -- Tesis calificadas y descubrimientos tentativos -- Salvedades y excepciones -- Presunciones e incertidumbres -- Pertinencia y contextos de argumentación -- Resumen y conclusiones -- Parte IV: FALACIAS: CÓMO FALLAN LOS ARGUMENTOS -- Ausencia de bases -- Falacias que resultan de bases irrelevantes -- Falacias que resultan de bases deficientes -- Falacias de asunciones injustificadas -- Falacias que resultan de ambigüedades -- Resumen y ejercicios sobre falacias -- Parte V: PRÁCTICA CRÍTICA -- Lenguaje y razonamiento -- Clasificación de argumentos -- Campos de discusión -- Historia y crítica -- Parte VI: CAMPOS ESPECIALES DE RAZONAMIENTO -- Introducción -- Razonamiento jurídico -- La argumentación en la ciencia -- Argumentar sobre el arte -- Razonar sobre la gestión -- Razonamiento ético. |
| 520 ## - RESUMEN, ETC. |
| Sumario, etc. |
Obra clásica sobre teoría de la argumentación que presenta un modelo práctico para analizar la estructura, solidez y fuerza de los argumentos en distintos contextos, con especial atención al razonamiento jurídico, científico y cotidiano. |
| 650 14 - PUNTO DE ACCESO ADICIONAL DE MATERIA--TÉRMINO DE MATERIA |
| Término de materia o nombre geográfico como elemento de entrada |
Razonamiento |
| 9 (RLIN) |
2521 |
| 650 24 - PUNTO DE ACCESO ADICIONAL DE MATERIA--TÉRMINO DE MATERIA |
| Término de materia o nombre geográfico como elemento de entrada |
Lógica. |
| 700 ## - ENTRADA AGREGADA--NOMBRE PERSONAL |
| Nombre de persona |
Rieke, Richard, |
| Término indicativo de función/relación |
autor. |
| 9 (RLIN) |
7755 |
| 700 ## - ENTRADA AGREGADA--NOMBRE PERSONAL |
| Nombre de persona |
Janik, Allan, |
| Término indicativo de función/relación |
autor. |
| 9 (RLIN) |
7756 |
| 700 ## - ENTRADA AGREGADA--NOMBRE PERSONAL |
| Nombre de persona |
Gascón Salvador, José Ángel, |
| Término indicativo de función/relación |
traductor. |
| 9 (RLIN) |
2516 |
| 856 40 - LOCALIZACIÓN Y ACCESO ELECTRÓNICOS |
| Identificador Uniforme de Recursos |
<a href="https://www.palestraeditores.com">https://www.palestraeditores.com</a> |
| Nota pública |
Sitio web de la editorial. |
| 942 ## - ELEMENTOS DE ENTRADA SECUNDARIOS (KOHA) |
| Fuente del sistema de clasificación o colocación |
Clasificación Decimal Dewey |
| Tipo de ítem Koha |
Libros físicos |
| 980 ## - EQUIVALENCIA O REFERENCIA-CRUZADA-MENCIÓN DE SERIE--NOMBRE DE PERSONA/TÍTULO [LOCAL, CANADÁ] |
| ID del usuario creador del registro |
18228 |
| Nombre del creador del registro |
Rebeca Esther Huerta Leyton |
| ID del último usuario que modificó el registro |
18226 |
| Nombre del último usuario que modificó el registro |
Jaime Vilcazán Jefe de Análisis Documental |